000 00494nam a2200145Ia 4500
003 GCL
008 140319s9999 xx 000 0 ara d
040 _aGCL /
_cGCL
082 0 4 _a250
_bن ا
100 1 _aابن نجم المصرى، زين الدين
245 1 0 _aالاشباه والنظائر على مذهب ابى حنيفه النعمان /
_cابن نجم المصرى، زين الدين
700 1 _aابوحنيفه، النعمان بن ثابت
300 _a452 ص
490 _a
999 _c37930
_d37930